LEADER 01646nam2-2200445---450- 001 990002669210203316 005 20100915164657.0 010 $a88-08-08855-3 035 $a000266921 035 $aUSA01000266921 035 $a(ALEPH)000266921USA01 035 $a000266921 100 $a20051007d2002----km-y0itay0103----ba 101 $aita 102 $aIT 105 $a||||||||001yy 200 1 $aArt. 121, 122, 123, 126 supplemento$elegge cost. 22 novembre 1999, n. 1$eelezione diretta del presidente della giunta regionale e autonomia statutaria delle regioni$fMassimo Carli, Carlo Fusaro 210 $aBologna$cZanichelli$aRoma$cSoc. ed. del Foro italiano$d2002 215 $aXIII, 232 p.$d25 cm 410 $12001 461 1$10010061254$12001$aCommentario della Costituzione 517 $aElezione diretta del presidente della giunta regionale e autonomia statutaria delle regioni 606 0 $aItalia$xCostituzioni politiche$z1948 676 $a342.45023 702 1$aCARLI,$bMassimo 702 1$aFUSAR0,$bCarlo 801 0$aIT$bsalbc$gISBD 912 $a990002669210203316 951 $aXXIV.2.B. 257 16 (342 COM ARTT. 121-126 supp.)$b47783 g.$cXXIV.2.B. 257 16 (342)$d00182692 951 $aSANT.11 COM 2 29 SUPPL.$b2041 DDPG$cSANT.11 COM 959 $aBK 969 $aGIU 969 $aDDPG 979 $aCHIARA$b90$c20051007$lUSA01$h1118 979 $aCHIARA$b90$c20051007$lUSA01$h1141 979 $aDDPG1$b90$c20060914$lUSA01$h1357 979 $aDDPG1$b90$c20060914$lUSA01$h1358 979 $aRSIAV4$b90$c20100915$lUSA01$h1646 996 $aArt. 121, 122, 123, 126 supplemento$91004599 997 $aUNISA LEADER 00987nam a22002533i 4500 001 991001036259707536 005 20040204134344.0 008 040318s1990 it |||||||||||||||||ita 035 $ab1270829x-39ule_inst 035 $aARCHE-069255$9ExL 040 $aDip.to Filosofia$bita$cA.t.i. Arché s.c.r.l. Pandora Sicilia s.r.l. 082 04$a353.0072 100 1 $aPapiano, Luigi$033374 245 13$aIl funzionario delegato :$bcompiti e responsabilità alla luce delle vigenti disposizioni in materia di contabilità di Stato /$cLuigi Papiano 250 $a4. ed. 260 $aBologna :$bPragma,$c[1990?] 300 $aXII, 532 p. ;$c24 cm 650 4$aFunzionari delegati 907 $a.b1270829x$b02-04-14$c31-03-04 912 $a991001036259707536 945 $aLE005 DIR IV A 75$g1$i2005000155543$lle005$o-$pE0.00$q-$rl$s- $t0$u0$v0$w0$x0$y.i13231327$z31-03-04 996 $aFunzionario delegato$9269931 997 $aUNISALENTO 998 $ale005$b31-03-04$cm$da $e-$fita$git $h3$i1